| 000 | 00791nam a2200217 i 4500 | ||
|---|---|---|---|
| 001 | 99395 | ||
| 003 | ES-MaACL | ||
| 005 | 20230906182506.0 | ||
| 007 | t| | ||
| 008 | 050907s1974 sp ||||1| spa d | ||
| 020 | _a84-249-0587-3 | ||
| 100 | 1 |
_aMartinet, André. _977704 |
|
| 245 | 1 | 0 |
_aEconomía de los cambios fonéticos _b: tratado de fonología diacrónica / _cAndré Martinet; versión española de Alfredo de la Fuente Arranz. |
| 260 |
_aMadrid : _bGredos, _c1974. |
||
| 300 |
_a563 p. ; _c20 cm. |
||
| 490 | 1 |
_aBiblioteca románica hispánica. II. Estudios y ensayos ; _v214 |
|
| 700 | 1 |
_aFuente Arranz, Alfredo. _952862 |
|
| 830 | 0 |
_aBiblioteca románica hispánica. II. Estudios y ensayos ; _v214 _9178108 |
|
| 852 |
_aES-MaACL _jL-9875 _bR.111807 |
||
| 999 |
_c99395 _d99395 |
||